000
00330nam a22001457a 4500
008
221104b ||||| |||| 00| 0 eng d
020
_a
0393950026
041
_a
eng
080
_2
THIRD EDITION
_a
330.101
082
_a
330.101 MAN
100
_a
23.1
101
_a
MIK
245
_a
MICROECONOMI
_c
MANSFIELD E
942
_2
udc
_c
BK
999
_c
58733
_d
58733